000 00288nam a2200109Ia 4500
001 588836
005 20250717120838.0
008 250717s9999 xx 000 0 und d
245 0 _aV-15 BULUŞLAR VE SERÜVENLERİ ARABALAR
_cXACT STUDİA
260 _bTİMAŞ YAYINLARI
_c2020
300 _b64
999 _c588836
_d588836